000 00367nam a2200157Ia 4500
008 230524s9999 xx 000 0 und d
082 _a541.33
_bDEA
100 _aA.K.De
245 0 _aEnvironmental Chemistry
250 _a5TH
260 _aNEW DELHI
_bNAI
_c2005
300 _aXVII;403
500 _aQuantity Number: 17
650 _aEnvironmental
942 _cBK
999 _c29616
_d29616